00877 2200289 4500001002100000005001500021035002000036007000300056008004100059020002200100082001900122084002100141100003300162245006500195250003600260300003900296650004000335264003800375336002100413337003000434338002300464040002200487090002200509850001200531999002200543990002200565INLIS00000000088616020240430111232 a0010-0424000787ta240430s2024 yoia d 000 j ind d a978-602-5912-81-804223a899.221301 a899.221301 GRA p0 aGrace Nikita LaodePengarang1 aPulau keajaiban :bmisi saling membantu /cGrace Nikita Laod aEdisi Pertama: Cetakan I - 2024 avii, 60 halaman :bgambar ;c21 cm 4aCerita Pendek Indonesia--vKumpulan31aYogyakarta :bPustaka Anak,c2024 2rdacontentateks 2rdamediaatanpa perantara 2rdacarrieravolume aYOPDYOGbinderda aCB-D.11 2024-0479 aYOPDYOG aCB-D.11/2024-0479 aCB-D.11/2024-0479